Tony Brown's journal. one year later / Jimmy Carter :

This 1978 episode of Tony Brown's Journal, is an assessment of the early part of Jimmy Carter's presidency with actor and director Ossie Davis.

Bibliographic Details
Other Authors: Brown, Tony (Journalist) (Producer, Interviewer), Colgan, Mick (Director), Cannady, James (Producer), Parker, Sheryl J. (Producer)
Format: Video
Language:English
Language Notes:In English.
Published: New York, NY : Tony Brown Productions, 1978.
Subjects:
Online Access:Connect to this streaming video (Alexander Street Press)

MARC

Tag First Indicator Second Indicator Subfields
LEADER 00000cgm a22000003i 4500
001 in00003750921
006 m|||||o||c||||||||
007 cr |n||||||||a
007 vz |za|z|
008 150818s1978 nyu023 e |o vleng d
005 20260324202854.0
035 |a (OCoLC)929481277 
035 |a ASP2190123/ebap 
040 |a VaAlASP  |b eng  |e rda  |c VaAlASP  |d UtOrBLW 
043 |a n-us--- 
245 0 0 |a Tony Brown's journal.  |p Jimmy Carter :  |b one year later /  |c directed by Mick Colgan ; associate producers, James Cannady, Sheryl J. Parker ; executive producer, Tony Brown. 
246 1 0 |a Jimmy Carter :  |b one year later 
264 1 |a New York, NY :  |b Tony Brown Productions,  |c 1978. 
300 |a 1 online resource (23 minutes) 
306 |a 002237 
336 |a two-dimensional moving image  |b tdi  |2 rdacontent 
337 |a computer  |b c  |2 rdamedia 
337 |a video  |b v  |2 rdamedia 
338 |a online resource  |b cr  |2 rdacarrier 
338 |a other  |b vz  |2 rdacarrier 
347 |a data file  |2 rda 
500 |a Title from resource description page (viewed August 18, 2015). 
520 |a This 1978 episode of Tony Brown's Journal, is an assessment of the early part of Jimmy Carter's presidency with actor and director Ossie Davis. 
546 |a In English. 
600 1 0 |a Carter, Jimmy,  |d 1924-  |0 http://id.loc.gov/authorities/names/n79021791 
650 0 |a Presidents  |x Relations with African Americans.  |0 http://id.loc.gov/authorities/subjects/sh2010013143 
651 0 |a United States  |x Politics and government  |y 1977-1981.  |0 http://id.loc.gov/authorities/subjects/sh85140473 
655 7 |a Internet videos.  |2 lcgft  |0 http://id.loc.gov/authorities/genreForms/gf2011026337 
655 7 |a Television news programs.  |2 lcgft  |0 http://id.loc.gov/authorities/genreForms/gf2011026667 
700 1 |a Davis, Ossie,  |e interviewee.  |0 http://id.loc.gov/authorities/names/n82059429 
700 1 |a Brown, Tony  |c (Journalist),  |e producer,  |e host,  |e interviewer.  |0 http://id.loc.gov/authorities/names/no96063716 
700 1 |a Colgan, Mick,  |e director. 
700 1 |a Cannady, James,  |e producer.  |0 http://id.loc.gov/authorities/names/no2009079026 
700 1 |a Parker, Sheryl J.,  |e producer. 
700 1 |a Brown, Benjamin D.,  |d 1939-1999  |e interviewee.  |0 http://id.loc.gov/authorities/names/n78082206 
856 4 0 |u http://proxy.library.tamu.edu/login?url=https://www.aspresolver.com/aspresolver.asp?EBAP;2190123  |z Connect to this streaming video (Alexander Street Press)  |t 0 
999 f f |s d6e2a7e2-a605-3e66-80b0-389d711f3ad4  |i 6b209a87-2ff7-3be5-902e-4518fa712ede  |t 0 
952 f f |a Texas A&M University  |b College Station  |c Electronic Resources  |s www_evans  |d Available Online  |t 0  |h No information provided 
998 f f |t 0  |l Available Online